Cần Thơ 25 năm xây dựng và phát triển : 1975-2000

محفوظ في:
التفاصيل البيبلوغرافية
مؤلف مشترك: Cục Thống kê Cần Thơ
التنسيق: كتاب
اللغة:Undetermined
منشور في: Cần Thơ Cục Thống kê 2000
الموضوعات:
الوسوم: إضافة وسم
لا توجد وسوم, كن أول من يضع وسما على هذه التسجيلة!
Thư viện lưu trữ: Trung tâm Học liệu Trường Đại học Cần Thơ
LEADER 00650nam a2200205Ia 4500
001 CTU_238013
008 210402s9999 xx 000 0 und d
082 |a 330.59791 
082 |b C506 
110 |a Cục Thống kê Cần Thơ 
245 0 |a Cần Thơ 25 năm xây dựng và phát triển : 
245 0 |b 1975-2000 
245 0 |c Cục Thống kê Cần Thơ 
260 |a Cần Thơ 
260 |b Cục Thống kê 
260 |c 2000 
650 |a Phát triển kinh tế,Economic development 
650 |z Cần Thơ,Cantho 
904 |i Truc 
980 |a Trung tâm Học liệu Trường Đại học Cần Thơ